[Event "zonal 1.6"]
[Site "Samara RUS"]
[Date "2000.06.27"]
[Round "11"]
[White "Volkov, Sergei"]
[Black "Shariazdanov, Andrei"]
[Result "1-0"]
[WhiteElo "2582"]
[BlackElo "2605"]
[EventDate "2000.06.03"]
[PlyCount "65"]

1.d4 Nf6 2.c4 c5 3.d5 e6 4.Nc3 exd5 5.cxd5 d6 6.g3 g6 7.Bg2 Bg7 8.Nf3 O-O 
9.O-O a6 10.a4 Re8 11.Nd2 Nbd7 12.h3 Rb8 13.Nc4 Nb6 14.Na3 Na8 15.e4 Nc7 
16.a5 Bd7 17.Bf4 Nb5 18.Naxb5 Bxb5 19.Re1 Qc7 20.e5 dxe5 21.d6 Qd7 22.Bxe5
Rbd8 23.Nxb5 Qxb5 24.Qf3 Nh5 25.Bxg7 Nxg7 26.Re7 Nf5 27.Rxb7 Qc4 28.d7 Re7
29.Qc6 Qe6 30.Qxe6 Rxe6 31.Rc7 Rd6 32.Bc6 Ne7 33.Ba4 1-0

[Event "zonal 1.6"]
[Site "Samara RUS"]
[Date "2000.06.27"]
[Round "11"]
[White "Ivanov, Sergei"]
[Black "Tregubov, Pavel"]
[Result "1/2-1/2"]
[WhiteElo "2543"]
[BlackElo "2615"]
[EventDate "2000.06.03"]
[PlyCount "59"]

1.d4 d5 2.c4 e6 3.Nc3 Be7 4.Nf3 Nf6 5.Bg5 O-O 6.e3 Nbd7 7.Qc2 c5 8.Rd1 Qa5
9.cxd5 Nxd5 10.Bxe7 Nxe7 11.Bd3 Nf6 12.O-O cxd4 13.Nxd4 h6 14.Ne4 Ned5 15.
a3 Nxe4 16.Bxe4 Nf6 17.Bf3 Rb8 18.Rc1 Bd7 19.Qc7 Qxc7 20.Rxc7 Rfc8 21.Rfc1
Rxc7 22.Rxc7 e5 23.Nb3 Rc8 24.Rxc8+ Bxc8 25.Nd2 Ne8 26.Nc4 f6 27.Bh5 Bd7 
28.f4 exf4 29.exf4 Kf8 30.Kf2 1/2-1/2

[Event "zonal 1.6"]
[Site "Samara RUS"]
[Date "2000.06.27"]
[Round "11"]
[White "Kosyrev, Vladimir"]
[Black "Zviagintsev, Vadim"]
[Result "1/2-1/2"]
[WhiteElo "2474"]
[BlackElo "2645"]
[EventDate "2000.06.03"]
[PlyCount "36"]

1.d4 d5 2.c4 e6 3.Nc3 c6 4.e3 Nf6 5.Nf3 Nbd7 6.Qc2 Bd6 7.Be2 O-O 8.O-O 
dxc4 9.Bxc4 b5 10.Be2 Bb7 11.Rd1 Qc7 12.h3 Rfe8 13.e4 e5 14.dxe5 Nxe5 15.
Bg5 Nxf3+ 16.Bxf3 Be5 17.Bxf6 gxf6 18.Rd2 Rad8 1/2-1/2

[Event "zonal 1.6"]
[Site "Samara RUS"]
[Date "2000.06.27"]
[Round "11"]
[White "Bezgodov, Alexei"]
[Black "Rashkovsky, Nukhim"]
[Result "0-1"]
[WhiteElo "2576"]
[BlackElo "2523"]
[EventDate "2000.06.03"]
[PlyCount "70"]

1.e4 c5 2.Nf3 d6 3.d4 cxd4 4.Nxd4 Nf6 5.Nc3 a6 6.f3 e5 7.Nb3 Be7 8.Be3 Be6
9.Qd2 h5 10.Be2 Nbd7 11.O-O Rc8 12.Kh1 h4 13.f4 h3 14.g3 Nb6 15.Bxb6 Qxb6 
16.Bf3 O-O 17.g4 exf4 18.Qxf4 Nd7 19.g5 Ne5 20.Be2 f5 21.gxf6 Rxf6 22.Qd2 
Rcf8 23.Rg1 Qf2 24.Rg3 Nf3 25.Bxf3 Rxf3 26.Qxf2 Rxf2 27.Nd4 Bd7 28.Nd5 Bh4
29.Rg6 Rf1+ 30.Rxf1 Rxf1+ 31.Rg1 Rf2 32.b3 Kf7 33.Nb6 Bf6 34.Nf5 Bxf5 35.
exf5 Be5 0-1

[Event "zonal 1.6"]
[Site "Samara RUS"]
[Date "2000.06.27"]
[Round "11"]
[White "Yakovich, Yury"]
[Black "Iliushin, Alexei"]
[Result "1/2-1/2"]
[WhiteElo "2580"]
[BlackElo "2515"]
[EventDate "2000.06.03"]
[PlyCount "150"]

1.d4 f5 2.c4 Nf6 3.Nc3 e6 4.Qc2 Bb4 5.e3 b6 6.Bd3 Bb7 7.f3 O-O 8.Ne2 c5 9.
a3 Bxc3+ 10.Qxc3 Nc6 11.b4 cxd4 12.exd4 Rc8 13.Qd2 Ne7 14.O-O b5 15.cxb5 
Bd5 16.a4 Bc4 17.Bxc4 Rxc4 18.Qd3 Qc8 19.Bg5 Ned5 20.Rfc1 Rxc1+ 21.Rxc1 
Qb8 22.Bxf6 gxf6 23.Qc4 Kf7 24.Qb3 Rg8 25.Rc5 Qd6 26.g3 h5 27.Kf2 f4 28.
Rxd5 fxg3+ 29.hxg3 exd5 30.Qc2 Qxb4 31.Qh7+ Kf8 32.Qxd7 Qxa4 33.Qd8+ Kf7 
34.Qxd5+ Kg7 35.Qxh5 Qa2 36.Qg4+ Kh8 37.Qh3+ Kg7 38.Qg4+ Kh8 39.Qd7 Rg5 
40.Qe7 Rg6 41.g4 Rh6 42.Kg3 Qd2 43.Qd8+ Kg7 44.Qc7+ Kf8 45.Qb8+ Ke7 46.
Qxa7+ Kd8 47.Qb6+ Kd7 48.Qc6+ Ke7 49.Qc7+ Ke8 50.Kf2 Rh1 51.b6 Rb1 52.Qc6+
Kf7 53.Qd7+ Kf8 54.Qe6 Kg7 55.Qe7+ Kg8 56.Qe6+ Kg7 57.Qe7+ Kg8 58.b7 Qe1+ 
59.Ke3 Rb3+ 60.Kf4 Qd2+ 61.Kg3 Qe1+ 62.Kg2 Rb2 63.Qe8+ Kg7 64.b8=Q Rxe2+ 
65.Qxe2 Qxe2+ 66.Kg3 Qe1+ 67.Kf4 Qd2+ 68.Kf5 Qd3+ 69.Ke6 Qe3+ 70.Kd7 Qxd4+
71.Qd6 Qa4+ 72.Ke6 Qa2+ 73.Ke7 Qa7+ 74.Qd7 Qxd7+ 75.Kxd7 f5 1/2-1/2

[Event "zonal 1.6"]
[Site "Samara RUS"]
[Date "2000.06.27"]
[Round "11"]
[White "Sveshnikov, Evgeny"]
[Black "Fominykh, Alexander"]
[Result "1-0"]
[WhiteElo "2541"]
[BlackElo "2551"]
[EventDate "2000.06.03"]
[PlyCount "133"]

1.e4 c5 2.Nf3 Nc6 3.Bb5 e6 4.O-O Nf6 5.c3 d5 6.exd5 Nxd5 7.Bxc6+ bxc6 8.c4
Nb4 9.d4 cxd4 10.a3 Na6 11.Nxd4 Bb7 12.b4 c5 13.Qa4+ Qd7 14.Qxd7+ Kxd7 15.
Nb5 Be7 16.Rd1+ Kc6 17.Be3 Rhd8 18.Nd2 Rd3 19.Nf3 Rxd1+ 20.Rxd1 f6 21.Kf1 
e5 22.Nd2 Bc8 23.Nb3 Be6 24.Na5+ Kb6 25.Nc3 Kc7 26.b5 Nb8 27.Nd5+ Bxd5 28.
cxd5 Nd7 29.Nc4 Kb7 30.a4 Nb6 31.d6 Bd8 32.Na5+ Kc8 33.Bxc5 Nxa4 34.d7+ 
Kc7 35.Be3 a6 36.bxa6 Rxa6 37.Nb3 Kc6 38.Ra1 Be7 39.Rd1 Ra8 40.f4 Nb2 41.
Rd2 Nc4 42.Rd3 e4 43.Rc3 Kd5 44.Nd2 Nxe3+ 45.Rxe3 f5 46.Rh3 Bd6 47.Rh5 e3 
48.Nb3 Ke4 49.Rxh7 Kd3 50.Rxg7 Bb4 51.Nc1+ Kd2 52.Rf7 Bc5 53.d8=Q+ Rxd8 
54.Rxf5 Bb6 55.Ne2 Kd3 56.Rb5 Ba7 57.Rb7 Bc5 58.Rc7 Bb4 59.Rb7 Kc2 60.g4 
Rd1+ 61.Kg2 Bd2 62.g5 Kd3 63.Ng3 e2 64.Rd7+ Ke3 65.Nxe2 Kxe2 66.g6 Rb1 67.
Rxd2+ 1-0

[Event "zonal 1.6"]
[Site "Samara RUS"]
[Date "2000.06.27"]
[Round "11"]
[White "Scherbakov, Ruslan"]
[Black "Lugovoi, Alexei"]
[Result "1/2-1/2"]
[WhiteElo "2552"]
[BlackElo "2515"]
[EventDate "2000.06.03"]
[PlyCount "45"]

1.d4 Nf6 2.c4 e6 3.Nc3 Bb4 4.e3 O-O 5.Bd3 d5 6.Nf3 c5 7.O-O cxd4 8.exd4 
dxc4 9.Bxc4 b6 10.Bg5 Bb7 11.Qe2 Bxc3 12.bxc3 Nbd7 13.Bf4 Rc8 14.Rac1 Bxf3
15.gxf3 Nd5 16.Bd2 Qc7 17.Bb3 N5f6 18.Kh1 Qc6 19.Rg1 Rfe8 20.Bh6 g6 21.Bd2
e5 22.Qd1 Kg7 23.Re1 1/2-1/2

[Event "zonal 1.6"]
[Site "Samara RUS"]
[Date "2000.06.27"]
[Round "11"]
[White "Kharlov, Andrei"]
[Black "Maliutin, Evgeny"]
[Result "1-0"]
[WhiteElo "2616"]
[BlackElo "2451"]
[EventDate "2000.06.03"]
[PlyCount "67"]

1.c4 e5 2.g3 f5 3.Bg2 Nf6 4.d3 d6 5.Nc3 g6 6.e3 Bg7 7.Nge2 O-O 8.O-O c5 9.
a3 Nc6 10.Rb1 a5 11.Bd2 Kh8 12.f4 Bd7 13.Qc2 Rb8 14.Rbe1 h5 15.Nb5 Be6 16.
b3 Bf7 17.Bc3 Ng4 18.Qd2 d5 19.fxe5 Ngxe5 20.d4 cxd4 21.exd4 Ng4 22.cxd5 
Bxd5 23.Nf4 Bf7 24.Kh1 Qd7 25.d5 Nd8 26.a4 g5 27.Bxg7+ Kxg7 28.Nh3 f4 29.
gxf4 Nf6 30.fxg5 Nxd5 31.Qd4+ Kg8 32.g6 Be6 33.Rxf8+ Kxf8 34.Nf4 1-0

[Event "zonal 1.6"]
[Site "Samara RUS"]
[Date "2000.06.27"]
[Round "11"]
[White "Ulybin, Mikhail"]
[Black "Meister, Yakov"]
[Result "1-0"]
[WhiteElo "2580"]
[BlackElo "2473"]
[EventDate "2000.06.03"]
[PlyCount "37"]

1.e4 c5 2.Nf3 e6 3.d4 cxd4 4.Nxd4 a6 5.Bd3 Nc6 6.Nxc6 dxc6 7.O-O e5 8.a4 
Bc5 9.Nd2 Ne7 10.Nc4 Ng6 11.Qe1 Be6 12.a5 Qf6 13.Be3 Bxc4 14.Bxc4 Bxe3 15.
fxe3 Qg5 16.Rf5 Qe7 17.Rxf7 Qc5 18.Qc3 Ne7 19.Rff1 1-0

[Event "zonal 1.6"]
[Site "Samara RUS"]
[Date "2000.06.27"]
[Round "11"]
[White "Voitsekhovsky, Stanislav"]
[Black "Sapunov, Evgeny"]
[Result "1/2-1/2"]
[WhiteElo "2546"]
[BlackElo "2498"]
[EventDate "2000.06.03"]
[PlyCount "41"]

1.e4 c5 2.Nf3 d6 3.d4 cxd4 4.Nxd4 Nf6 5.Nc3 a6 6.Bc4 e6 7.Bb3 b5 8.O-O Bb7
9.Bg5 Nc6 10.Nxc6 Bxc6 11.Qd4 Be7 12.a4 O-O 13.axb5 axb5 14.f3 Qc7 15.Kh1 
Rfd8 16.Qd3 Qb7 17.Rxa8 Rxa8 18.Bxf6 Bxf6 19.Qxd6 Rd8 20.Qg3 b4 21.e5 
1/2-1/2

[Event "zonal 1.6"]
[Site "Samara RUS"]
[Date "2000.06.27"]
[Round "11"]
[White "Lastin, Alexander"]
[Black "Loginov, Valery"]
[Result "1-0"]
[WhiteElo "2510"]
[BlackElo "2512"]
[EventDate "2000.06.03"]
[PlyCount "87"]

1.e4 c5 2.Nf3 d6 3.d4 cxd4 4.Nxd4 Nf6 5.Nc3 a6 6.f3 e5 7.Nb3 Be6 8.Be3 Be7
9.Qd2 O-O 10.O-O-O a5 11.Bb5 Nc6 12.Kb1 Ne8 13.Qe2 Qc8 14.Na4 Bd8 15.a3 
Bc7 16.Nb6 Bxb6 17.Bxb6 a4 18.Nc1 f5 19.h3 Rf6 20.Na2 fxe4 21.fxe4 Ne7 22.
Nc3 Bd7 23.Be3 h6 24.g4 Bxb5 25.Nxb5 Qe6 26.g5 hxg5 27.Bxg5 Rf7 28.h4 Ng6 
29.Qd2 Ra6 30.Nc3 Qc4 31.h5 Nf4 32.h6 g6 33.h7+ Kh8 34.Bxf4 exf4 35.Nd5 g5
36.Rdg1 Ng7 37.Rxg5 Qxe4 38.Re1 Qc4 39.Qh2 Ra8 40.Nb6 Qa6 41.Nxa8 Qxa8 42.
Rf1 Qe8 43.Rg4 f3 44.Qf2 1-0

[Event "zonal 1.6"]
[Site "Samara RUS"]
[Date "2000.06.27"]
[Round "11"]
[White "Ikonnikov, Viacheslav"]
[Black "Yakovenko, Dmitry"]
[Result "1-0"]
[WhiteElo "2550"]
[BlackElo "2443"]
[EventDate "2000.06.03"]
[PlyCount "55"]

1.d4 Nf6 2.Nf3 e6 3.c4 b6 4.g3 Ba6 5.Qa4 Bb7 6.Bg2 c5 7.dxc5 Bxc5 8.O-O 
O-O 9.Nc3 Be7 10.Bf4 Na6 11.Rfd1 Nc5 12.Qc2 Qc8 13.Rd4 d5 14.cxd5 exd5 15.
Rdd1 Ne6 16.Be5 Ne4 17.Rac1 Bc5 18.e3 Rd8 19.Qb3 N6g5 20.Nxg5 Nxg5 21.Nxd5
Nh3+ 22.Bxh3 Qxh3 23.Rxc5 bxc5 24.Qxb7 Qh5 25.Ne7+ Kf8 26.Rd5 Qg4 27.Nf5 
Kg8 28.Bxg7 1-0

[Event "zonal 1.6"]
[Site "Samara RUS"]
[Date "2000.06.27"]
[Round "11"]
[White "Smirnov, Pavel"]
[Black "Ionov, Sergei"]
[Result "0-1"]
[WhiteElo "2426"]
[BlackElo "2558"]
[EventDate "2000.06.03"]
[PlyCount "42"]

1.e4 c5 2.Nf3 d6 3.d4 cxd4 4.Nxd4 Nf6 5.Nc3 Nc6 6.Bg5 e6 7.Qd2 Qb6 8.Nb3 
Be7 9.O-O-O O-O 10.g4 d5 11.Bxf6 Bxf6 12.exd5 Bxc3 13.Qxc3 exd5 14.Rxd5 
Nb4 15.Qc5 Nxd5 16.Qxd5 Be6 17.Qh5 Qxf2 18.Bd3 Qe3+ 19.Nd2 g6 20.Qh4 Rac8 
21.Kd1 Bd5 0-1

[Event "zonal 1.6"]
[Site "Samara RUS"]
[Date "2000.06.27"]
[Round "11"]
[White "Totsky, Leonid"]
[Black "Frolov, Denis"]
[Result "1/2-1/2"]
[WhiteElo "2524"]
[BlackElo "2428"]
[EventDate "2000.06.03"]
[PlyCount "45"]

1.e4 e5 2.Nf3 Nc6 3.d4 exd4 4.Nxd4 Bc5 5.Nxc6 Qf6 6.Qf3 Qxf3 7.gxf3 bxc6 
8.Nd2 Be7 9.Nb3 d6 10.Be3 Nf6 11.Na5 Bd7 12.Ba6 c5 13.b4 cxb4 14.Bb7 Rd8 
15.Nc6 Bxc6 16.Bxc6+ Nd7 17.Bxa7 O-O 18.Bd4 Ne5 19.Bxe5 dxe5 20.Rd1 Rxd1+ 
21.Kxd1 Rd8+ 22.Ke2 Bc5 23.Rd1 1/2-1/2

[Event "zonal 1.6"]
[Site "Samara RUS"]
[Date "2000.06.27"]
[Round "11"]
[White "Burmakin, Vladimir"]
[Black "Kornev, Alexei"]
[Result "1-0"]
[WhiteElo "2567"]
[BlackElo "2384"]
[EventDate "2000.06.03"]
[PlyCount "81"]

1.d4 g6 2.e4 Bg7 3.Nc3 d6 4.Be3 c6 5.h3 Nf6 6.Nf3 O-O 7.Be2 b5 8.a3 a6 9.
O-O Nbd7 10.e5 Ne8 11.Bf4 Bb7 12.Qc1 dxe5 13.dxe5 Nc7 14.Bh6 Ne6 15.Bxg7 
Kxg7 16.Ng5 Ndc5 17.Bg4 Qd4 18.Nxe6+ Nxe6 19.Bxe6 fxe6 20.Qg5 Rf7 21.Rad1 
Qb6 22.Rd7 h6 23.Qh4 g5 24.Qg3 c5 25.h4 Bc6 26.Rd2 Rf5 27.Nd1 Rg8 28.Ne3 
Rf7 29.Qg4 Ba8 30.hxg5 hxg5 31.Qh5 Qc6 32.Rfd1 Rff8 33.Rd7 Re8 34.Qxg5+ 
Kf8 35.Qf4+ Kg7 36.Qf6+ Kh7 37.Rxe7+ Rxe7 38.Qxe7+ Kh8 39.Qh4+ Kg7 40.Rd6 
Qe8 41.Nf5+ 1-0

[Event "zonal 1.6"]
[Site "Samara RUS"]
[Date "2000.06.27"]
[Round "11"]
[White "Tunik, Gennady"]
[Black "Yevseev, Denis"]
[Result "1/2-1/2"]
[WhiteElo "2442"]
[BlackElo "2496"]
[EventDate "2000.06.03"]
[PlyCount "94"]

1.d4 d5 2.c4 c6 3.Nf3 Nf6 4.Nc3 dxc4 5.a4 Bf5 6.Ne5 e6 7.f3 Bb4 8.e4 Bxe4 
9.fxe4 Nxe4 10.Qf3 Qxd4 11.Qxf7+ Kd8 12.Bg5+ Nxg5 13.Qxg7 Qe3+ 14.Kd1 Rf8 
15.Nxc4 Qc5 16.h4 Bxc3 17.Qxg5+ Qxg5 18.hxg5 Bd4 19.Ke1 Rf7 20.Bd3 Nd7 21.
Rd1 Ke7 22.Bxh7 Rf4 23.Bd3 Rh8 24.Rxh8 Bxh8 25.Be2 Nc5 26.a5 Rf5 27.g6 Rg5
28.Bf3 Rxg6 29.Kf2 e5 30.b4 e4 31.bxc5 exf3 32.gxf3 Rg5 33.Nd6 Rxc5 34.
Nxb7 Rc2+ 35.Ke3 Be5 36.Rh1 Ke6 37.Rh7 Kd5 38.Rd7+ Kc4 39.f4 Bb2 40.Nd6+ 
Kc5 41.Ne4+ Kc4 42.f5 a6 43.f6 Bxf6 44.Nxf6 Ra2 45.Rd4+ Kb5 46.Ne4 Kxa5 
47.Nc3 Rh2 1/2-1/2

[Event "zonal 1.6"]
[Site "Samara RUS"]
[Date "2000.06.27"]
[Round "11"]
[White "Grechikhin, Valery"]
[Black "Alavkin, Arseny"]
[Result "1/2-1/2"]
[WhiteElo "2521"]
[BlackElo "2397"]
[EventDate "2000.06.03"]
[PlyCount "30"]

1.Nf3 d5 2.c4 c6 3.cxd5 cxd5 4.d4 Nf6 5.Nc3 Nc6 6.Bf4 a6 7.e3 Bf5 8.Bd3 
Bxd3 9.Qxd3 e6 10.O-O Be7 11.Rac1 Nd7 12.Qe2 Rc8 13.Rfd1 O-O 14.Ne5 Nb6 
15.e4 Bg5 1/2-1/2

[Event "zonal 1.6"]
[Site "Samara RUS"]
[Date "2000.06.27"]
[Round "11"]
[White "Varavin, Viktor"]
[Black "Bocharov, Dmitry"]
[Result "1/2-1/2"]
[WhiteElo "2410"]
[BlackElo "2475"]
[EventDate "2000.06.03"]
[PlyCount "86"]

1.e4 c5 2.Nf3 Nc6 3.Bb5 e6 4.O-O Nge7 5.c3 a6 6.Ba4 b5 7.Bc2 c4 8.d4 cxd3 
9.Qxd3 Ng6 10.Rd1 Be7 11.b4 d6 12.a4 bxa4 13.Bxa4 Bb7 14.Nd4 Qc8 15.Nxc6 
Bxc6 16.Bxc6+ Qxc6 17.b5 axb5 18.Rxa8+ Qxa8 19.Qxb5+ Kf8 20.Ba3 h6 21.Bxd6
Bxd6 22.Rxd6 Qxe4 23.Nd2 Qe1+ 24.Nf1 Kg8 25.Qd3 Kh7 26.h4 f5 27.Qe3 Qxe3 
28.Nxe3 Nxh4 29.Rxe6 Rc8 30.Nd5 Ra8 31.Re1 Ra5 32.c4 Rc5 33.Rc1 Ng6 34.f4 
Nf8 35.Kf2 Kg8 36.Ke3 Ne6 37.Kd3 Ra5 38.g3 Ra3+ 39.Rc3 Rxc3+ 40.Kxc3 Kf7 
41.Kb4 g5 42.c5 gxf4 43.gxf4 h5 1/2-1/2

[Event "zonal 1.6"]
[Site "Samara RUS"]
[Date "2000.06.27"]
[Round "11"]
[White "Khliyan, Eduard"]
[Black "Tolstikh, Nikolai"]
[Result "1-0"]
[WhiteElo "2454"]
[BlackElo "2419"]
[EventDate "2000.06.03"]
[PlyCount "97"]

1.d4 d5 2.c4 c6 3.Nc3 Nf6 4.e3 e6 5.Nf3 Nbd7 6.Bd3 dxc4 7.Bxc4 b5 8.Be2 
Bb7 9.O-O Be7 10.e4 b4 11.e5 bxc3 12.exf6 Nxf6 13.bxc3 O-O 14.Rb1 Qc7 15.
Bf4 Qxf4 16.Rxb7 Nd5 17.Qc2 Qf6 18.Bd3 g6 19.Be4 c5 20.Ne5 Rfc8 21.Bxd5 
exd5 22.Qa4 cxd4 23.cxd4 Qe6 24.h3 a5 25.Re1 Bb4 26.Re3 Bd2 27.Rf3 f6 28.
Qd7 Qxd7 29.Nxd7 Rc1+ 30.Kh2 Bg5 31.Nxf6+ Bxf6 32.Rxf6 Rf8 33.Rxf8+ Kxf8 
34.Rxh7 Rc2 35.Kg3 Rxa2 36.Rd7 Rd2 37.Rxd5 a4 38.Kf3 a3 39.Ke3 a2 40.Ra5 
Rb2 41.Ra7 Ke8 42.d5 Kd8 43.d6 Kc8 44.g4 Kb8 45.Ra4 Kc8 46.Kf3 Kd7 47.Ra6 
Ke6 48.Kg3 Rd2 49.f4 1-0

[Event "zonal 1.6"]
[Site "Samara RUS"]
[Date "2000.06.27"]
[Round "11"]
[White "Sergienko, Sergei"]
[Black "Belitsky, Alexander"]
[Result "1/2-1/2"]
[WhiteElo "2425"]
[BlackElo "2306"]
[EventDate "2000.06.03"]
[PlyCount "161"]

1.d4 Nf6 2.c4 g6 3.Nc3 d5 4.cxd5 Nxd5 5.e4 Nxc3 6.bxc3 c5 7.Bb5+ Bd7 8.
Bxd7+ Qxd7 9.Nf3 Bg7 10.O-O O-O 11.Rb1 cxd4 12.cxd4 Nc6 13.d5 Ne5 14.Nxe5 
Bxe5 15.f4 Bg7 16.Ba3 Rfc8 17.Bb2 Bxb2 18.Rxb2 Rc7 19.Qd3 Rac8 20.f5 Rc3 
21.Qd4 R3c4 22.Qe3 Qa4 23.fxg6 hxg6 24.Qf3 Rf8 25.Rxb7 Rxe4 26.d6 Qd4+ 27.
Kh1 e5 28.Rxf7 Rf4 29.Rxf4 Rxf4 30.Qb3+ Kg7 31.Rd1 Qxd6 32.h3 Rd4 33.Rf1 
Qe7 34.Rc1 Qg5 35.Qb7+ Kh6 36.Rf1 Rf4 37.Rxf4 Qxf4 38.Qxa7 e4 39.Qd4 Qf1+ 
40.Kh2 Qe2 41.a4 e3 42.a5 Kh7 43.Qa7+ Kh6 44.a6 Qd2 45.Qb8 e2 46.a7 e1=Q 
47.a8=Q Qd4 48.Qf8+ Qg7 49.Qf4+ Kh7 50.Qd5 Qga1 51.Qd7+ Qg7 52.Qdd6 Qee7 
53.h4 Qxd6 54.Qxd6 Qb7 55.Qe5 Qa7 56.Kh3 Qa3+ 57.Kg4 Qb4+ 58.Kh3 Qb3+ 59.
Qg3 Qe6+ 60.Kh2 Qd7 61.Qg5 Qd6+ 62.Kg1 Qd1+ 63.Kf2 Qd4+ 64.Kf3 Qd1+ 65.Kg3
Qd3+ 66.Kh2 Qd6+ 67.g3 Qe6 68.Qd2 Qf5 69.Qf4 Qd7 70.Kg2 Qd5+ 71.Kf2 Qc5+ 
72.Ke2 Qc2+ 73.Ke3 Qc1+ 74.Ke4 Qc4+ 75.Ke5 Qc5+ 76.Ke6 Qc8+ 77.Ke7 Qb7+ 
78.Kd8 Qd5+ 79.Kc8 Qc6+ 80.Qc7+ Qxc7+ 81.Kxc7 1/2-1/2

[Event "zonal 1.6"]
[Site "Samara RUS"]
[Date "2000.06.27"]
[Round "11"]
[White "Yashtylov, Anatoly"]
[Black "Sidorov, Anatoly"]
[Result "1/2-1/2"]
[WhiteElo "2319"]
[BlackElo "2339"]
[EventDate "2000.06.03"]
[PlyCount "79"]

1.d4 Nf6 2.c4 g6 3.Nf3 Bg7 4.g3 O-O 5.Bg2 d6 6.O-O Nc6 7.Nc3 a6 8.h3 Rb8 
9.Bg5 h6 10.Be3 e6 11.Rc1 Bd7 12.a3 b5 13.cxb5 axb5 14.b4 Ne7 15.Qd3 Nfd5 
16.Bd2 Nxc3 17.Bxc3 Nd5 18.Nd2 c6 19.Nb3 Nb6 20.Na5 d5 21.Qc2 Qe7 22.e4 
Rfc8 23.Rce1 Qf8 24.Nb3 Ra8 25.Qc1 Nc4 26.Nc5 Rc7 27.Bb2 Bc8 28.f4 f5 29.
exd5 exd5 30.Re2 Re7 31.Rxe7 Qxe7 32.Re1 Qf6 33.Re8+ Kf7 34.Re5 Qd8 35.Re1
Qh8 36.Nb3 Bd7 37.Kh2 Bf8 38.Nd2 Nxd2 39.Qxd2 Bd6 40.Bc1 1/2-1/2

[Event "zonal 1.6"]
[Site "Samara RUS"]
[Date "2000.06.27"]
[Round "11"]
[White "Utnasunov, Alexander"]
[Black "Sultanov, Alexander"]
[Result "0-1"]
[WhiteElo "2175"]
[BlackElo "2294"]
[EventDate "2000.06.03"]
[PlyCount "54"]

1.d4 Nf6 2.c4 e6 3.Nc3 Bb4 4.Bd2 O-O 5.e3 d5 6.Nf3 b6 7.b3 Bb7 8.Bd3 Nbd7 
9.O-O Qe7 10.Qc2 h6 11.Rfe1 Rfd8 12.cxd5 exd5 13.Nh4 Ne4 14.Nf5 Qg5 15.
Bxe4 dxe4 16.Ng3 Qg6 17.Red1 Bd6 18.Rac1 Nf6 19.Nce2 h5 20.Nf4 Qg5 21.h3 
h4 22.Nge2 Qf5 23.Nc3 g5 24.Nfe2 g4 25.Nf4 Bxf4 26.exf4 gxh3 27.Be3 Qg4 
0-1